10 Plus Grandes Villes du Luxembourg - Statistiques

Statistiques générales
  • Ce quiz a été pris 77 fois
  • Le résultat moyen est 4 sur 10
Statistiques - réponses
Hint Réponse % Correct
1 Luxembourg
100%
2 Esch-sur-Alzette
85%
3 Differdange
53%
4 Dudelange
53%
5 Pétange
47%
7 Bertrange
21%
6 Capellen
17%
8 Strassen
17%
9 Sandweiler
11%
10 Leudelange
9%
Aucun quiz correspondant
Distribution des résultats
% des personnes avec chaque résultat
Percentile par nombre de réponses
Votre historique - résultats
Vous n’avez pas pris ce quiz